000 00617nam a2200193 a 4500
001 000012890
005 20260304094324.0
008 091118s1981 dr 000 j spa d
040 _aDO-SdBNP
_bspa
_cBNPHU
082 _aRD863.44
_bP379n
100 1 _aPeix, Pedro
_d1952-2015
_925675
245 1 3 _aLa narrativa Yugulaba /
_cPedro Peix.
260 _aSanto Domingo :
_bAlfa y Omega,
_c1981.
300 _a809 p. ;
_c23 cm.
500 _aIncluye datos biográficos del autor en la contracubierta
650 4 _aCuentos dominicanos
_xHistória y crítica
_910852
650 0 _aLiteratura dominicana.
_967
049 _aBNPD
999 _c12538
_d12538